| 000 | 00700nam a2200229Ia 4500 | ||
|---|---|---|---|
| 003 | OSt | ||
| 005 | 20220925225639.0 | ||
| 006 | a|||||r|||| 00| 0 | ||
| 007 | ta | ||
| 008 | 220923b |||||||| |||| 00| 0 eng d | ||
| 037 | _cGeneral Book | ||
| 040 |
_aRTL _cRTL _beng |
||
| 041 |
_2eng _aeng |
||
| 082 | _a2:51oaD6,9(B), K5 | ||
| 100 |
_aCheydleur Benjamin F Ed. _946321 |
||
| 245 | 0 | _aColloquium on technical preconditions for retrieval center operations | |
| 260 |
_aLondon _bSpartan books inc _c1965 |
||
| 300 |
_avi,156p. _ccm. |
||
| 650 |
_aLibrary Sicence _9231926 |
||
| 942 |
_h2:51oaD6,9(B), K5 _cGB _2CC |
||
| 999 |
_c583962 _d583962 |
||